000 00420nam a22001697a 4500
003 MPLRDC
005 20220104125601.0
008 210129b ||||| |||| 00| 0 eng d
082 _a947.413 JCJZ v.3
100 _a菊川近子
245 _a伤心的痕迹. 下
_c
260 _a
_b丽华出版社
_c
300 _b
490 _a捷豹少女漫画系列
650 _a少女漫画
942 _cBK
_o947.413 JCJZ v.3
999 _c28513
_d28503